আরাকানের মুসলমান: ইতিহাস ও ঐতিহ্য / (Record no. 18002)

MARC details
000 -LEADER
fixed length control field 01192nam a22002297a 4500
003 - CONTROL NUMBER IDENTIFIER
control field BDDh-ASL
005 - DATE AND TIME OF LATEST TRANSACTION
control field 20231015025652.0
008 - FIXED-LENGTH DATA ELEMENTS--GENERAL INFORMATION
fixed length control field 200916b2000 ||||| b||| 00| 0 d
020 ## - INTERNATIONAL STANDARD BOOK NUMBER
International Standard Book Number 9843110986
040 ## - CATALOGING SOURCE
Original cataloging agency BDDh-ASL
Transcribing agency BDDh-ASL
Modifying agency BDDh-ASL
041 ## - LANGUAGE CODE
Language code of text/sound track or separate title bengali
082 ## - DEWEY DECIMAL CLASSIFICATION NUMBER
Classification number 297.09254
Item number ARA
245 #0 - TITLE STATEMENT
Title আরাকানের মুসলমান: ইতিহাস ও ঐতিহ্য /
Statement of responsibility, etc. মোহাম্মদ মুহিবউল্যাহ ছিদ্দিকী (সম্পা.)।
246 ## - VARYING FORM OF TITLE
Title proper/short title Arakaner Musalman: Itihas O Oitijjo.
260 ## - PUBLICATION, DISTRIBUTION, ETC.
Place of publication, distribution, etc. চট্টগ্রাম:
Name of publisher, distributor, etc. আরাকান হিস্‌টরিক্যাল সোসাইটি,
Date of publication, distribution, etc. ২০০০।
300 ## - PHYSICAL DESCRIPTION
Extent ৩১৯ পৃষ্ঠা:
Dimensions ২২ সে. মি.।
504 ## - BIBLIOGRAPHY, ETC. NOTE
Bibliography, etc. note গ্রন্থপঞ্জি সংযুক্ত।
600 ## - SUBJECT ADDED ENTRY--PERSONAL NAME
Source of heading or term আরাকান
650 #0 - SUBJECT ADDED ENTRY--TOPICAL TERM
9 (RLIN) 837
Topical term or geographic name entry element আরাকানের মুসলমানদের ইতিহাস
General subdivision মুসলমানদের ইতিহাস ও ঐতিহ্য
700 #0 - ADDED ENTRY--PERSONAL NAME
9 (RLIN) 836
Personal name ছিদ্দিকী, মোহম্মদ মুহিবউল্যাহ
942 ## - ADDED ENTRY ELEMENTS (KOHA)
Source of classification or shelving scheme Dewey Decimal Classification
Koha item type Books
Holdings
Withdrawn status Lost status Source of classification or shelving scheme Damaged status Not for loan Collection code Home library Current library Shelving location Date acquired Source of acquisition Total Checkouts Full call number Barcode Date last seen Copy number Price effective from Koha item type
    Dewey Decimal Classification     Non-fiction Asiatic Society Library Asiatic Society Library General Stacks 09/16/2020 Complementary   297.09254 ARA 101147 09/16/2020 C-1 09/16/2020 Books

Powered by Koha